000 02348cam a22004814i 4500
003 PE-LiUPU
005 20250731173338.0
008 150706s2007 inua rb 000 0 eng d
020 _a9781575068015
035 _a(Sirsi) i9781575068015
040 _aPE-LiUPU
_bspa
_cPE-LiUPU
_erda
049 _aPRUA
082 0 4 _a264
_bK62
_221
100 1 _aKlingbell, Gerald A.,
_eautor.
245 1 0 _aBridging the gap :
_britual and ritual texts in the Bible /
_cGerald A. Klingbeil.
264 1 _aWinona Lake, Indiana :
_bEisenbrauns,
_c2007.
300 _a304 páginas :
_bilustraciones ;
_c24 centímetros.
336 _atext
_2rdacontent
337 _aunmediated
_2rdamedia
338 _avolume
_2rdacarrier
490 1 _aBulletin for Biblical Research supplements ;
_v1
504 _aIncluye bibliografía.
505 0 _aCulture, Religion, and ritual: definitions and interaction -- Ritual from a Social-Science perspective: Tracing the Outline of an Idea -- Ritual and Bible: The Genesis of a New Discipline -- Biblical ritual in History: Periods and perspectives -- Reading ritual: Strategies and Trigger points -- Structure, order and Sequence, Space, and time: ritual Elements I -- Objects, action, participants, and Language: ritual elements 2 -- "What Does It All Mean?" dimensions and functions of ritual -- "Looking over the Fence": ritual and Other Areas of Biblical and Theological Research -- Ritual yesterday, today, and tomorrow, or: Some Type of a Conclusion for a Christian Theology.
526 _aSEG42
526 _aSEG41
526 _aSEG40
526 _aSEG39
526 _aP94
526 _aP87
526 _aP86
526 _aP85
526 _aP77
526 _aP76
526 _aP35
541 _g20081126230934D47324;
650 0 4 _aRites and ceremonies in the Bible.
910 _agl
_bjv
_clch
_d20090816
942 _2ddc
_cBOOK
949 _a264 K62
_wDEWEY
_c1
_i59834
_lCCODEBUL1
_mBUL
_p40.00
_r0
_sY
_tBOOK
_u2015-7-6
_xTEOLOGIA
_PP85
_0COMPRA
_o.STAFF. Colección Teología
994 _aC0
_bPEPRU
596 _a1
999 _a264 K62
_wDEWEY
_c49368
_i59834
_d49368
_e2018-7-5
_f2021-11-10
_g5
_lCCODEBUL1
_mBUL
_n1
_p40.00
_r0
_sY
_tBOOK
_u2015-7-6
_xTEOLOGIA
_PP85
_0COMPRA
_o.STAFF. Colección Teología
980 _81
_gALBERTO SANCHEZ Responsable de Automatización